LEADER 00552nam a2200169 i 4500 001 000000001415 003 CaOOAMICUS 005 20260331155520.0 008 180830n it d u000 u ita u 040 $aSeMil$bita 245 10$aInglese-Italiano. 300 $a2 v. 773 0 $tDizionario delle lingue Italiana e Inglese.$dFirenze ; Roma : Sansoni, 1970.$kGrandi dizionari Sansoni$w()1163 774 0 $t2: M-Z.$g[Tomo 2.]$w()77310 774 0 $t1: A-L.$g[Tomo 1.]$w()104058 996 $6245$aInglese-Italiano$9(OLS)http://semarc/title/2277